Finanzas internacionales (Registro nro. 155)
[ vista simple ]
| 000 -LEADER | |
|---|---|
| fixed length control field | 01499 a2200241 4500 |
| 001 - CONTROL NUMBER | |
| control field | 240 |
| 005 - DATE AND TIME OF LATEST TRANSACTION | |
| control field | 20260407155416.0 |
| 008 - FIXED-LENGTH DATA ELEMENTS--GENERAL INFORMATION | |
| fixed length control field | 260407a2006 arg spa d |
| 003 - CONTROL NUMBER IDENTIFIER | |
| control field | AR-UNSa-BCEJYS |
| 040 ## - CATALOGING SOURCE | |
| Original cataloging agency | AR-UNSa-BCEJYS |
| Language of cataloging | spa |
| Transcribing agency | AR-UNSa-BCEJYS |
| 080 ## - UNIVERSAL DECIMAL CLASSIFICATION NUMBER | |
| Universal Decimal Classification number | 339.7 |
| Common auxiliary subdivision | Finanzas Internacionales |
| 020 ## - INTERNATIONAL STANDARD BOOK NUMBER | |
| International Standard Book Number | 84-9732-510-9 |
| 041 ## - LANGUAGE CODE | |
| Language code of text/sound track or separate title | spa |
| 100 1# - MAIN ENTRY--PERSONAL NAME | |
| Personal name | Marín, José Luis Martín |
| 245 10 - TITLE STATEMENT | |
| Title | Finanzas internacionales |
| 264 #1 - PRODUCTION, PUBLICATION, DISTRIBUTION, MANUFACTURE, AND COPYRIGHT NOTICE | |
| Place of production, publication, distribution, manufacture | Madrid : |
| Name of producer, publisher, distributor, manufacturer | Thomson |
| Date of production, publication, distribution, manufacture, or copyright notice | 2006 |
| 300 ## - PHYSICAL DESCRIPTION | |
| Extent | xviii, 556 p. |
| Dimensions | 24 cm |
| 505 ## - FORMATTED CONTENTS NOTE | |
| Formatted contents note | 1. El Sistema Monetario Internacional - 2. Teorías sobre la determinación del tipo de cambio - 3. El mercado de divisas al contado y a plazo - 4. El mercado internacional de créditos - 5. El mercado internacional de renta fija - 6. El mercado internacional de renta variable - 7. Gestión de carteras internacionales - 8. Mercados derivados no organizados (OTC) en divisas - 9. Mercados derivados organizados de divisas - 10. La inversión directa en el extranjero - 11. Alternativas de financiación en el comercio internacional - 12. Los riesgos en las finanzas internacionales - 13. La fiscalidad de las inversiones directas en el extranjero - 14. La fiscalidad de las inversiones de cartera en el extranjero y de las operaciones de comercio exterior |
| 590 ## - LOCAL NOTE (RLIN) | |
| Local note | niveau_biblio:m niveau_hierar:0 |
| 700 1# - ADDED ENTRY--PERSONAL NAME | |
| Personal name | Téllez Valle, Cecilia |
| 856 41 - ELECTRONIC LOCATION AND ACCESS | |
| Uniform Resource Identifier | <a href="https://biblioeco.unsa.edu.ar/pmb/images/libros/Finanzas internacionales2-l117568.jpg">https://biblioeco.unsa.edu.ar/pmb/images/libros/Finanzas internacionales2-l117568.jpg</a> |
| Link text | Imagen de portada |
| Electronic format type | image/jpeg |
| 942 ## - ADDED ENTRY ELEMENTS (KOHA) | |
| Koha item type | |
| Withdrawn status | Lost status | Damaged status | Not for loan | Home library | Current library | Shelving location | Date acquired | Total checkouts | Full call number | Barcode | Date last seen | Price effective from | Koha item type |
|---|---|---|---|---|---|---|---|---|---|---|---|---|---|
| Biblioteca Prof. Eusebio Cleto del Rey | Biblioteca Prof. Eusebio Cleto del Rey | 07/04/2026 | 339.7 M337 | L117568 | 07/04/2026 | 07/04/2026 | Libro |